Top 10 des Pays dont la zone urbaine totale est la plus importante - Statistiques

Statistiques générales
  • Ce quiz a été pris 122 fois
  • Le résultat moyen est 8 sur 10
Statistiques - réponses
Superficie en km²
(À titre de comparaison la France c'est 551 695 km²)
Pays % Correct
186 573 États-Unis
99%
522 345 Chine
98%
52 887 Russie
93%
171 839 Inde
90%
45 853 Brésil
88%
53 452 Japon
87%
36 996 Allemagne
82%
67 755 Indonésie
71%
39 082 Pakistan
64%
56 970 Bangladesh
53%
Aucun quiz correspondant
Distribution des résultats
% des personnes avec chaque résultat
Percentile par nombre de réponses
Votre historique - résultats
Vous n’avez pas pris ce quiz